[Event "EU-ch 17th"]
[Site "Gjakova"]
[Date "2016.05.20"]
[Round "8"]
[White "Saric, Ivan"]
[Black "Kovalenko, Igor"]
[Result "0-1"]
[WhiteElo "2650"]
[BlackElo "2644"]
[Annotator "Mekhitarian,K"]
[PlyCount "124"]
[EventDate "2016.05.12"]
[EventType "swiss"]
[EventRounds "11"]
[EventCountry "KOS"]
[SourceTitle "CBM 173"]
[Source "ChessBase"]
[SourceDate "2016.07.12"]
[SourceVersion "1"]
[SourceVersionDate "2016.07.12"]
[SourceQuality "1"]

1. e4 e6 2. d4 d5 3. Nc3 Bb4 {The Winawer Variation of the French Defence,
named after thePolish player Szymon Winawer (who, among other results, tied
for 1st place with W. Steinitz in the famous Vienna 1882 tournament). It leads
to rather irrational positions and original pawn structures.} 4. e5 c5 5. a3
Bxc3+ 6. bxc3 Qa5 $5 {One of the possible variations, Black starts creating
some discomfort on White's queenside, by placing his queen on a4.} (6... Ne7 {
is the main line} 7. Qg4 {and now Black opts between the wild complications
after 7...cxd4 (or 7...Qc7, nearly the same) or a more solid approach with 7...
0-0. Both lines have been tried frequently by strong players.}) 7. Bd2 Qa4 8.
Qg4 $1 {I like this idea, White forces Black to make some concession on the
kingside, taking advantage of the fact that the bishop is no longer there on
f8.} Kf8 (8... g6 {is also possible} 9. Nf3 $5 (9. Qd1 b6 10. h4 Ba6 11. Bxa6
Nxa6 12. Ne2 (12. h5 cxd4 13. hxg6 fxg6 14. Qg4 Ne7 $1 $13 {with a complicated
position}) 12... h5 13. Bg5 Rc8 14. O-O Nb8 $5 15. Qd2 Nd7 $11 {looks
positionally acceptable}) 9... Nc6 (9... Qxc2 $6 10. dxc5 {not only getting
the pawn back, but opening important lines} Qe4+ $2 (10... Ne7 {still leaves
Black with positional problems, but is a better choice} 11. Nd4 $5 $36) 11.
Qxe4 dxe4 12. Ng5 {is simply bad for Black} f5 13. exf6 Nxf6 14. Bc4 $16 {
1/2-1/2 (26) Van Kampen,R (2529)-Timman,J (2555) Germany 2011}) 10. Be2 {
the position remains tense, but I like White's chances.}) 9. Qd1 {After
finishing its duty, the queen returns and white develops normally from now on,
trying slowly to create threats against the black king.} b6 10. Bd3 (10. dxc5
$5 {is a move I prefer, avoiding queen exchanges, and trying to open up the
position somehow to create threats against Black's king} bxc5 11. c4 Ba6 12.
cxd5 Bxf1 13. Kxf1 exd5 14. g3 $1 $14 {Then Kg2, Nf3, Re1, 1-0 (30)
Mekhitarian,K (2589)-Song,M (2316) Arlington 2015}) 10... Ba6 11. dxc5 bxc5 12.
Nf3 Ne7 13. h4 Nd7 14. h5 Bxd3 $5 {Now that Black is almost consolidating his
development, I like this decision. Moreover, 15.Rh4 could be annoying.} (14...
h6 15. Rh4 {would be played, forcing Black to allow c4, or to play c4 himself,
both of them making positional concessions} c4 16. Be2 $13 {It is not easy to
say what is going on, but White has the potential to build an attack on g7.})
15. cxd3 Qxd1+ 16. Kxd1 h6 {Stopping h6, that would create problematic
weaknesses on the kingside.} 17. Rb1 Nc6 18. Rh3 Ke8 $1 (18... Ncxe5 $6 {
is risky because White is much better developed. For example:} 19. Nxe5 Nxe5
20. Bf4 Nd7 21. Bd6+ Ke8 22. Kc2 $44 {followed by Rb7, and Rh1-Rhb1}) 19. Rg3
Rh7 {Looks very passive for Black, but after Kd8-Kc7, he will slowly regroup
and try to play for an advantage, making use of the solid structure.} 20. Rb5 (
20. d4 {is possible to reinforce e5, but it always allows Na5-Nc4 or even ...
c4 right away} Na5 $5 (20... c4 $5)) 20... Kd8 21. c4 {This attempt to leave
the c5-pawn on a dark square is dangerous, because later we'll see that
White's e5-pawn is also potentially in trouble.} (21. Be3 {keeping an eye on
c5 would be more flexible} a6 22. Rb1 Kc7 23. Ke2 $11 {with balanced chances.})
21... d4 22. Bf4 Kc7 23. Nd2 a6 24. Rb2 Rf8 $1 {A nice move, threatening ...g5
to take advantage of White's weird bishop placement.} 25. Ne4 g5 26. hxg6 fxg6
27. Bd2 (27. Rg4 $5 g5 28. Bh2 {followed by f4} Rhh8 29. f4 Ne7 30. fxg5 Nf5 $1
{threatening ...Ne3+} 31. Ke1 hxg5 32. Bg3 $13) 27... g5 {Now Black is
preparing to take on e5 some time soon.} 28. Rh3 (28. f4 $5 gxf4 29. Rg6 Re7 (
29... f3 30. gxf3 Rxf3 31. Rxe6 Rxd3 $13) 30. Rf6 $3 Nxf6 31. exf6 Rh7 32.
Bxf4+ e5 33. Nxc5 $1 $44) 28... Rhh8 29. Ke2 Ncxe5 30. Rb1 $1 {White has lost
a pawn, but there is strong counterplay on the h-file.} Kc6 31. Rbh1 Nf7 32. f4
gxf4 33. Bxf4 Rfg8 34. g3 Rg6 35. Rh5 e5 36. Bd2 Rb8 37. Bxh6 $2 (37. Rf5 $1
Nd6 38. Nxd6 Kxd6 39. Rfh5 $1 $132) 37... Nd6 (37... Nf6 $1 38. Nxf6 Rb2+ 39.
Bd2 Rxf6 {and White lacks counterplay, since Rh6 is not possible now (see
Black's 38th move analysis). There is a strong e4 idea coming at some point}
40. g4 Rg6 41. Rf1 (41. R5h4 e4 $1 42. dxe4 Ng5 $17) 41... e4 $1 42. dxe4 (42.
Rxf7 e3 43. Rff5 Kb6 $1 44. Rxc5 Rxg4 $17) 42... Nd6 $17 {and Black has a big
advantage.}) 38. Nxd6 Kxd6 (38... Rb2+ 39. Bd2 Kxd6 40. Rh6 $1 $132) 39. Bg5 $2
(39. Bc1 $1 {stopping ...Rb2+ was urgent} Rxg3 40. Rh6+ Kc7 41. Rxa6 $11 {
and White has enough counterplay.}) 39... Kc7 (39... Rb2+ $1 40. Kf3 e4+ 41.
Kxe4 Rf2 {threatening Re6 mate!} 42. Bf4+ Ke6 43. Rf5 Nf6+ 44. Rxf6+ Rxf6 $17)
40. Kf3 Rbg8 41. Bh4 Rf8+ 42. Ke2 Rb8 43. Rf1 Rb2+ 44. Kf3 Rd2 45. Ke4 Re2+ 46.
Kf5 Rg8 47. Bg5 $2 (47. Be7 $1 Rg7 48. Bf6 Rxg3 49. Rh7 $132 {with decent
counterplay.}) 47... Rf8+ 48. Ke6 Rxf1 49. Rh7 Rf8 50. Rxd7+ Kc8 51. Rd5 (51.
Ra7 $5 Kb8 52. Rh7 e4 53. dxe4 d3 54. Rh1 {and White has some chances to
survive.}) 51... e4 52. Rxc5+ $6 {Makes it easier for Black. The position was
difficult, but there were still some practical chances with 52.dxe4.} (52. dxe4
Rxe4+ 53. Kd6 Rf7 $1 54. Kxc5 Rd7 55. Rxd7 Kxd7 56. Kd5 Re3 57. Kxd4 Rxa3 58.
Bd2 Rxg3 59. Kc5 Kc8 $19 {now Black has forced mate in 50, according to the
endgame tablebases, meaning it is definitely not easy.}) 52... Kb7 $19 53. dxe4
Rxe4+ 54. Kd5 Rg4 55. Kd6 d3 56. Ke7 Rc8 57. Rd5 Rxg3 58. Bf4 Rf3 59. Rd4 Kc6
60. Bd2 Kc5 61. Re4 Rb8 62. Kd7 Rf7+ 0-1

[Event "World op 43rd"]
[Site "Arlington"]
[Date "2015.07.02"]
[Round "3"]
[White "Mekhitarian, Krikor Sevag"]
[Black "Song, Michael"]
[Result "1-0"]
[WhiteElo "2589"]
[BlackElo "2316"]
[Annotator "Mekhitarian,K"]
[PlyCount "59"]
[EventDate "2015.07.01"]
[EventType "swiss"]
[EventRounds "9"]
[EventCountry "USA"]
[SourceTitle "CBM 170"]
[Source "ChessBase"]
[SourceDate "2016.01.15"]
[SourceVersion "1"]
[SourceVersionDate "2016.01.15"]
[SourceQuality "1"]

1. d4 e6 2. e4 d5 3. Nc3 Bb4 4. e5 c5 5. a3 Bxc3+ 6. bxc3 Qa5 7. Bd2 Qa4 {
An interesting line for Black. Normally, Black goes for c4 at some point 
(after 8.Qb1 for example, forcing it), and a long positional struggle takes
place. Instead of that, I tried to find something to open up the position
early on, with a quick dxc5, as soon as he plays b6 (a typical move to insert
Ba6)} 8. Qg4 $5 Kf8 9. Qd1 {After Black has lost the right to castle, the
queen can go back home, a thematic idea in the Winawer variation.} b6 10. dxc5
(10. c4 $5 {is a similar idea, I'm not so sure about the move order here.})
10... bxc5 11. c4 $1 {Well, White wants to open diagonals and files as much as
possible, because it is going to take a while before the black king finds a
decent shelter (g6-Kg7 wouldn't be smart, without having the dark-squared
bishop).} Ba6 (11... Ne7 $5 {was another possibility} 12. cxd5 exd5 13. Nf3 {
with a complex dynamic struggle. Black would be happy to take advantage of his
positional triumphs, as happened in the game} Nbc6 14. Rb1) 12. cxd5 Bxf1 13.
Kxf1 exd5 14. g3 $1 $146 {I was happy when I analysed this novelty at home,
White has a very clear plan with Kg2, Nf3, Re1, possibly Rb1, and at some
point e6 ideas will appear, as well as a direct attack against the central
pawns on c5/d5.} (14. f4 {had been played before. I didn't like this move
which kind of helps Black to get a blockade on the kingside, and also weakens
my own king as well.} Ne7 15. Nf3 h5 (15... g6 $5 $13 {even this was possible,
now that the white bishop is closed in on d2}) 16. Kf2 Nbc6 17. c3 Qa6 18. Qc2
g6 19. Be3 Qa5 20. c4 d4 21. Bd2 Qa6 22. Rhb1 Kg7 $13 {1/2-1/2 (79) Svetushkin,
D (2592)-Akopian,V (2660) Jerusalem 2015}) 14... Ne7 15. Nf3 Qc6 16. Kg2 Nd7
17. Re1 Re8 (17... Ng6 $13 {was another idea, to stop Ng5. Now e6 could be
playable, as well as adding forces to the initiative with 18.Rb1.}) 18. Ng5 $1
Ng6 19. f4 $5 (19. e6 $1 {I wanted very much to play this move, but couldn't
make it work. After all, it was correct, but by no means easy:} d4+ {this was
the move that had me worried during the game} (19... fxe6 $2 20. Qf3+ Nf6 21.
c4 $1 {This is very strong, now White has the pretty threat of 22.Nxe6+! (in
some cases 22.Rxe6) Rxe6 23.cxd5! Qxd5 24.Qxd5 Nxd5 25.Rxe6} Z0) 20. Kg1 fxe6
21. c3 $5 {I had no idea this quiet move was that strong, threatening to open
the c-file} h6 22. Ne4 e5 23. Qf3+ Kg8 24. cxd4 exd4 {is the best chance,
provoking:} (24... cxd4 25. Rac1 {following with Rc7, Bb4 - looks difficult
for Black, for example:} Qe6 26. Rc7 Rf8 27. Qh5 $16 {at the very least, White
is getting the a7-pawn, and remains with a huge initiative}) 25. Nf6+ $1 Qxf6
26. Rxe8+ Kf7 27. Qxf6+ Kxf6 28. Rxh8 Nxh8 29. Rb1 $16 {should be good for
White, because of Rb7 and Rxa7, but there is play with the two passed pawns.})
19... h6 20. Nf3 Ne7 21. Qe2 Nf5 (21... g6 $5 {similar to the analysis on 14.
f4, this move is possible now, giving some air to the black king} 22. Rab1 Kg7
23. e6 $5 Nf5 24. Qb5 Rxe6 25. Qxc6 Rxc6 26. Rb7 $36 {with a strong initiative.
}) 22. Qd3 $5 (22. Rab1 $5 {is always possible, with ideas of Qb5 and starting
to bother the black pawns.}) 22... g6 23. g4 (23. Rab1 $5 {once again this
could be considered, but I decided on a more direct approach on the kingside.})
23... Ne7 (23... Ng7 $1 {the computer suggestion, following with h5} 24. h3 (
24. f5 h5 $1 {a very cold-blooded defensive idea} 25. e6 hxg4 26. Ng5 Nxf5 $1
27. exd7 Qxd7 $132 {with three pawns for the piece, and very interesting
counterplay}) 24... h5 25. Rab1 {I thought this was very bad for Black, but
there's a good Nb6-Nc4 idea, meanwhile the other pieces keep watching f5.} Nb6
$1 $13) 24. h3 $1 {Strengthening the position, possibly with Kg3 at some point,
leaving the a8-h1 diagonal, and also defending g4, just in case.} (24. f5 $2 {
would be unwise} gxf5 25. gxf5 c4 $1 $132) 24... d4 $2 {This is very bad. The
whole plan White had is to open up the position with c3 when ...d4 comes.} (
24... h5 25. e6 $5 fxe6 26. Ng5 $40) 25. c3 $1 dxc3 26. Bxc3 $16 {With the
bishop in play, the attack is even stronger, and will be decisive in a few
moves.} Nd5 27. Kg3 $1 {Threatening the simple Rad1.} c4 28. Qd4 Nc5 $2 {
Losing right away, but it's already hard to give good advice.} 29. e6 $1 Rh7 (
29... f6 30. Bb4 $1 {taking advantage of the weak f6-pawn.} Rc8 31. Rad1 $18)
30. Ne5 {And everything falls apart.} 1-0

[Event "Batumi FIDE GP (Women)"]
[Site "Batumi"]
[Date "2016.04.22"]
[Round "3"]
[White "Muzychuk, Anna"]
[Black "Javakhishvili, Lela"]
[Result "1-0"]
[WhiteElo "2555"]
[BlackElo "2489"]
[Annotator "Mikhalchishin,A"]
[PlyCount "71"]
[EventDate "2016.04.20"]
[EventType "tourn"]
[EventRounds "11"]
[EventCountry "GEO"]
[EventCategory "10"]
[SourceTitle "CBM 172"]
[Source "ChessBase"]
[SourceDate "2016.05.12"]
[SourceVersion "1"]
[SourceVersionDate "2016.05.12"]
[SourceQuality "1"]
[WhiteClock "0:09:21"]
[BlackClock "0:13:54"]

1. e4 e6 2. d4 d5 3. Nc3 Bb4 4. e5 c5 5. a3 Bxc3+ 6. bxc3 Ne7 7. Qg4 Qc7 8.
Qxg7 Rg8 9. Qxh7 cxd4 10. Ne2 Nbc6 11. f4 dxc3 12. Nxc3 (12. Qd3 {is far more
popular.}) ({But a new try is very tempting:} 12. h4 b6 13. h5 Bb7 14. h6 Rg6
15. a4 Nf5 16. g4 Rxg4 17. Bh3 Rg6 18. Bxf5 exf5 19. Qh8+ Kd7 20. Qxa8 Rxh6 21.
e6+ $1 Rxe6 22. Qf8 Nd4 23. Rh7 Kc6 (23... Rxe2+ 24. Kd1 Qd8 25. Rxf7+ Kc8 26.
Ra3 $1) 24. Rh6 {Ganguly,S (2660)-Tregubov,P (2582)/Tallinn 2016, with a
strong attack.}) 12... Nd4 {This has become very popular.} ({A more solid move
is} 12... a6 13. Qd3 (13. Bb2 Bd7 14. O-O-O O-O-O {[%cal Yc6a5,Ya5c4] , Black
seems to be OK, thanks to a strong centre and the vulnerable position of
White's king.} 15. Qd3 (15. Qxf7 $5 Rgf8 16. Qh7 Rxf4 $13) (15. g3 Nf5 16. Qxf7
Ncd4 $44 {[%cal Gd4c2]}) 15... Na5 {Shirov,A (2737)-Dvirnyy,D (2450)/Arvier
2010, with blockading ideas.}) 13... Bd7 14. Bd2 O-O-O 15. g3 Nf5 16. Bg2 Na5
17. Bh3 Bc6 18. Bxf5 exf5 19. Qxf5+ Kb8 20. Qd3 d4 21. Ne4 f5 {Kosintseva,N 
(2560)-Hou,Y (2575)/Hangzhou 2011, and White got into trouble.}) ({The most
principled reply} 12... Nxe5 {favours White:} 13. Nb5 Qb8 14. Be2 N5g6 $6 (
14... Ng4 $142 15. O-O a6 16. Bxg4 Rxg4 17. Nd4 $14) 15. O-O Bd7 16. Rb1 a6 17.
Nd4 Qc7 18. Bd2 O-O-O 19. Rb3 $16 {1-0 Kosintseva,T (2524)-Hou,Y (2570)/
Nalchik 2010/CB18_2010 (53)}) 13. Bb2 (13. Qd3 {allows Black to activate the
second knight:} Nef5) ({The direct} 13. Nb5 {enables Black to win the pawn
back:} Qxc2 $1 14. Qd3 (14. Nd6+ Kd7 15. Qd3 Nec6 $132 {[%cal Yg8g2]}) 14...
Qxd3 15. Bxd3 Nxb5 16. Bxb5+ Bd7 $15) 13... Bd7 14. O-O-O (14. Nxd5 {seems to
be very dangerous for White:} Nxc2+ 15. Kd1 (15. Kd2 $2 Qa5+ 16. Kxc2 exd5 $40
{[%cal Ga8c8,Yd7f5]}) 15... exd5 $1 {opening the c8-h3 diagonal for the bishop}
16. Qxc2 Bg4+ 17. Kc1 Qb6 18. Qa4+ $13) 14... Ndf5 ({Here} 14... Qb6 {is a
very serious option:} 15. Qd3 ({An equally solid try is} 15. g3 Rc8 16. Bd3 Kf8
17. Qh6+ Ke8 18. Qh7 Kf8 19. Qh6+ Ke8 20. Qh7 {1/2 Becerra Rivero,J (2547)
-Bhat,V (2511)/ICC INT 2013}) 15... Ndf5 (15... Nef5 $2 {is now refuted by} 16.
Nxd5 $1 $18) 16. Nb5 Rc8 17. g3 (17. Bd4 Qa5 18. Qb3 Kf8 $1 $44 {[%cal Ya7a6]})
17... a6 18. Nd4 Ba4 19. Rd2 Rc4 20. Bg2 (20. Nxf5 Nxf5 21. Qf3 Rc6 $44 {
[%cal Yf5e3]} (21... Ne3 {is nice, but less convinving, in view of} 22. Bxc4
Nxc4 23. Qc3 $14)) 20... Nxd4 21. Bxd4 Qb5 22. Bf1 Qc6 23. Qe2 (23. Qh7 Rg7 24.
Qh8+ Rg8 25. Qh7 Rg7 26. Qh8+ Rg8 27. Qh7 {1/2 Horvath,C (2515)-Balog,I (2539)/
Budapest 2013}) 23... Nf5 24. Bb2 Rh8 25. Qf2 Nxg3 26. Bxc4 Nxh1 27. Qa7 Qxc4
28. Qb8+ Kd7 29. Qxh8 Bxc2 $1 30. Rxc2 Qf1+ 31. Kd2 Qf2+ {1/2 Svidler,P (2747)
-Vitiugov,N (2712)/Paris/St Petersburg 2013}) 15. Nb5 (15. Qh3 {is not that
strong:} Qc5 16. Rd2 O-O-O 17. g4 Ne3 18. Nd1 Nxf1 19. Rxf1 Bb5 20. Re1 Nc6 21.
f5 d4 22. fxe6 fxe6 23. Nf2 Nxe5 $11 {Karjakin,S (2786)-Nepomniachtchi,I (2703)
/Moscow 2013}) 15... Qc5 ({Another possibility was the sharp line} 15... Bxb5
16. Bxb5+ Kf8 17. Bd3 Rc8 18. Rd2 Qb6 19. g3 Ne3) 16. Nd6+ ({An interesting
idea was to sacrifice a pawn for opening the dark squares a bit later,
improving the king:} 16. Bd4 Qc6 17. Kb2 a6 18. Nd6+ Nxd6 19. exd6 Qxd6 20. g3)
16... Nxd6 17. exd6 Qxd6 18. g3 Qc5 19. Bd3 b5 20. f5 $1 {More active than the
solid} (20. Rhe1) 20... exf5 ({More complicated for White would be} 20... O-O-O
21. f6 Nc6 22. Qxf7 Rgf8 23. Qg6 Ne5 24. Qg7 Rf7 25. Qg5) 21. Rhe1 Be6 22. Bxf5
Qd6 (22... O-O-O {was simply bad:} 23. Bxe6+ fxe6 24. Rxe6) 23. Rxe6 $1 fxe6
24. Re1 Rf8 (24... exf5 {is losing too:} 25. Qxg8+) (24... Kd7 25. Rxe6 Qxe6
26. Bxe6+ Kxe6 {and the black king is too exposed.}) 25. Rxe6 Qc5 26. Qg6+ Rf7
27. Re1 $1 {It's very important to protect her own back rank. Black has no
defence against White's next assault.} Rd8 28. Qg8+ Rf8 29. Bg6+ Kd7 30. Qe6+
Kc7 31. Qxe7+ Qxe7 32. Rxe7+ Kd6 33. Re1 Rg8 34. Bf6 Rc8 35. Bf7 Rg4 36. Be7+
1-0

[Event "Wch U16"]
[Site "Maribor"]
[Date "2012.11.12"]
[Round "5"]
[White "Chigaev, Maksim"]
[Black "Akhmetov, Ayan"]
[Result "1-0"]
[WhiteElo "2457"]
[BlackElo "2362"]
[Annotator "Mikhalchishin,A"]
[PlyCount "53"]
[EventDate "2012.11.08"]
[EventType "swiss"]
[EventRounds "11"]
[EventCountry "SLO"]
[SourceTitle "CBM 152"]
[Source "ChessBase"]
[SourceDate "2013.01.15"]
[SourceVersion "1"]
[SourceVersionDate "2013.01.15"]
[SourceQuality "1"]

1. e4 e6 2. d4 d5 3. Nc3 Bb4 4. e5 c5 5. a3 Ba5 {An old classical line
favoured by the great Mikhail Bovinnik. 30 years ago the Armenian GMs Raphael
Vaganian and Smbat Lputian revived it. But at the moment this system is
considered as rather dubious.} 6. b4 {The most principled and sharpest
approach.} cxd4 7. Qg4 Ne7 8. bxa5 ({Another topical move is} 8. Nb5) 8... dxc3
9. Qxg7 Rg8 10. Qxh7 Nbc6 11. Nf3 (11. f4) 11... Qxa5 ({Classical masters
preferred} 11... Qc7 12. Bb5 Bd7 13. O-O Nxe5 14. Nxe5 Qxe5 15. Bxd7+ Kxd7 16.
Qd3 $1 (16. Rb1 $2 Rh8 $19) 16... d4 $5 17. Rb1 $5 Qd5 $14 18. f3 Rac8 19. Bf4
(19. Rb5 Rc5) 19... e5 (19... Nf5 $5) 20. Bg3 f6 21. Rb4 $1 Rc7 22. f4 $1 a6 $1
(22... Kc8 23. fxe5 fxe5 24. a6 b6 25. Rb5 e4 26. Rxd5 exd3 27. Rxd4 Rd7 28.
Rc4+ Kd8 29. Rxc3 $18) 23. fxe5 fxe5 {with very sharp play, Chandler,
M-Vaganian,R/Naestved 1985}) 12. Rb1 {The younger players know modern theory.}
({A more aggressive approach was} 12. Ng5 {'!?' 'Fischer'} Rf8 13. f4 Bd7 {
'+/=' '(bco 82)'} 14. h4 (14. Rb1 $1 {(Suetin 88)}) 14... Qa4 $6 (14... Nd4 $5
15. Bd3 (15. Qd3 Qa4 $13) 15... Ba4 {'!?'} (15... Nef5 16. g4 $16) 16. g4 (16.
h5 $6 Nef5 17. Kd1 Bxc2+ 18. Bxc2 Nxc2 19. Kxc2 Qa4+ $17) 16... O-O-O 17. Be3 (
17. Nxf7 Rxf7 18. Qxf7 Bxc2 $13 {'<=>' '(Mikhalchishin)'}) 17... Nec6 18. Nxf7
Rxf7 19. Qxf7 Bxc2 $13) 15. Bd3 Nd4 16. Rb1 Nef5 17. Kd1 $16 {1/2 Short,
N-Lputian,S/Erevan 1984}) (12. Bd3 $6) 12... Qc7 (12... a6 13. Be2 (13. h4 $5)
13... d4 $146 (13... b5) 14. Ng5 Qxe5 (14... Nxe5 $142 15. Ne4 $1 (15. Bf4 Rf8
16. Ne4 N7g6 17. Bh6 d3 $13) 15... Rxg2 (15... d3 $2 16. Nf6+ Kd8 17. Be3 $18)
16. Nf6+ Kd8 17. Qe4 Rg6 (17... d3 18. Qxg2 d2+ 19. Bxd2 cxd2+ 20. Kd1 Qxa3 21.
h4 $16) 18. Qxd4+ Nd7 19. Rxb7 $5 (19. Nxd7 Bxd7 20. Bf3 $14) 19... Nd5 20.
Nxd5 Qxd5 21. Qxd5 exd5 22. Rb3 d4 23. h4 $14) 15. Qxf7+ Kd7 16. Bf4 {
Nisipeanu,L (2679)-Almeida,O (2462)/Sants 2005; with better play.}) (12... Bd7
$5 13. Rxb7 O-O-O) 13. Bf4 ({A more dynamic option would be} 13. Bb5 Rxg2 (
13... Bd7 14. O-O O-O-O 15. Re1 $14) 14. Kf1 Rg6 15. Rg1 $36) 13... Bd7 14. Bg3
{White prepares to castle and strenghtens his kingside.} O-O-O {Logical
developmen, Aggressive moves such as} (14... Qa5 {would be premature and not
to be recommended.}) 15. Bd3 d4 (15... Qa5 {would be met with} 16. Rb3 {
and then doubling of the rooks on the b-file.}) (15... Ng6 $6 16. Bxg6 fxg6 17.
O-O Kb8 18. Rfd1 Qa5 19. Rb3 Qc5 20. Rdb1 b6 (20... Na5 21. Rb4 $1) 21. Bh4 $1
Rh8 22. Qxg6 Rdg8 23. Qf7 Bc8 24. Bf6 $6 (24. Bg3 $1 $14 {(Rabar)}) 24... Rf8
25. Qg6 Rhg8 26. Qd3 d4 $1 $44 27. Qf1 $2 Qd5 $1 28. Ne1 Nxe5 $1 29. Rb5 Nf3+
$17 {(Schwarz 67) Damjanovic,M-Udovcic,M/Vrnjacka Banja 1963}) (15... Rdf8 $11)
16. O-O Be8 ({After} 16... Rdf8 17. Qh4 Rh8 18. Qf4 Nd5 19. Qe4 {White's
central queen position would promise him clearly better chances.}) 17. Qh4 Qa5
({It was preferable to evacuate the king:} 17... Kb8) 18. Rb3 ({Another good
plan was} 18. Bf4 {transferring it to g5.}) 18... Qc5 ({Once more it was
necessary to look after his own king with} 18... Kb8) 19. Ng5 $1 {A very
strong and logical knight transfer.} Nf5 (19... Nxe5 {lost immediately:} 20.
Ne4 Qc7 21. Bxe5 Qxe5 22. Qxe7 $18) 20. Ne4 $2 ({A good option was} 20. Bxf5
exf5 21. Qf4 Qxe5 22. Qxe5 Nxe5 23. Bxe5 Rxg5 24. Bf6) 20... Nxh4 $2 ({Here
Black had a very good counterstrike:} 20... Qd5 21. Nd6+ Qxd6 22. Bxf5 Nxe5 23.
Bh7 Rxg3 $1 24. hxg3 Nc4) 21. Nxc5 Nxe5 22. Be4 {Now all White's pieces start
to chase the black king, even without queens on the board.} Bc6 23. Bxc6 bxc6 (
23... Nxc6 {is simply bad:} 24. Bxh4) 24. Rfb1 Nhg6 25. Rb7 $1 {This move does
not allow any escape for the king.} Rd5 26. Rb8+ Kc7 27. R1b7+ 1-0